000 00819nas a2200253 4500
001 BR0802739
003 BR-BrBNA
005 20231205112049.0
007 ta
008 230509b bl.|||p| |||| 00| 00por d
040 _aBR-BrBNA
_bpor
_cBiblioteca Nacional de Agricultura
041 _a(Pt)
072 _aH10; L60
100 1 _aSantana, D.L.Q.
100 1 _aBurckhardi, D.
100 1 _aAguiar, A.M.F.
245 1 _aPrimeiro registro de Platycorypha nigrivirga Burckhardt (Hemiptera: Psylloidea), em Tipuana tipu (Benth.)no Brasil
650 _aPRAGA DE PLANTA
650 _aARVORE ORNAMENTAL
650 _aTAXONOMIA ANIMAL
773 0 _tNeotropical Entomology (Brazil)
_xISSN 1519-566X
_g(Nov-Dec 2006), v. 35(6) p. 861-863
_wBR0802739
909 _a202311
_bLúcia
_c55
_dLúcia Elande
942 _2AGRIS
_n0
_cANA
999 _c195904
_d195904